000 00322nam a22001337a 4500
008 171010b xxu||||| |||| 00| 0 eng d
020 _a9780822319962
041 _aeng
080 _a316
100 _a50
101 _aSOC
245 _aTHE GENDERED WORLDS OF LATIN AMERICAN WOMEN WORKERS
_cFRENCH, J.D
942 _2udc
_cBK
999 _c32726
_d32726